01323nam a22003494a 4500001001200000003000800012006001900020007001500039008004100054010001700095020002800112020001500140040002100155035002000176050002400196082001600220100002000236245010600256260003400362300002500396490003400421504006600455533015200521546001300673650003100686650002500717655002900742700002400771710001700795830003500812856012600847ebr10002182CaPaEBRm u cr cn|||||||||000301s2000 nyua sb 001 0 eng  z 00026596  z0387982221 (alk. paper) z0387950273 aCaPaEBRcCaPaEBR a(OCoLC)5485027014aQA279b.V458 2000eb04a519.5/32211 aVerbeke, Geert.10aLinear mixed models for longitudinal datah[electronic resource] /cGeert Verbeke, Geert Molenberghs. aNew York :bSpringer,cc2000. axxii, 568 p. :bill.1 aSpringer series in statistics aIncludes bibliographical references (p. [523]-553) and index. aElectronic reproduction.bPalo Alto, Calif. :cebrary,d2013.nAvailable via World Wide Web.nAccess may be limited to ebrary affiliated libraries. aEnglish. 0aLinear models (Statistics) 0aLongitudinal method. 7aElectronic books.2local1 aMolenberghs, Geert.2 aebrary, Inc. 0aSpringer series in statistics.40uhttp://site.ebrary.com/lib/rucke/Doc?id=10002182zAn electronic book accessible through the World Wide Web; click to view